Statistics for All I Want - Kodaline Lyrics

Click here to take the quiz!

General Stats

  • This quiz has been taken 524 times
  • The average score is 157 of 179

Answer Stats

HintAnswer% Correct
a
100%
i
100%
all
99%
is
99%
want
99%
you
98%
my
97%
to
97%
more
96%
nothing
96%
door
95%
me
94%
at
93%
if
93%
and
92%
so
92%
your
92%
hear
91%
knocking
91%
love
91%
need
91%
see
91%
body
90%
take
89%
leave
88%
somebody
88%
die
87%
find
87%
could
86%
face
86%
in
86%
loved
86%
once
86%
but
84%
im
84%
whyd
84%
last
83%
when
83%
happy
82%
the
82%
goodbye
81%
little
81%
man
81%
said
81%
sure
81%
inside
79%
bit
78%
died
77%
like
76%
side
76%
by
74%
for
73%
ill
73%
of
73%
cause
70%
was
70%
it
69%
night
69%
bed
68%
best
68%
movie
68%
out
68%
without
68%
made
67%
never
67%
our
67%
part
67%
tears
66%
took
66%
alone
65%
lay
65%
screens
64%
brought
63%
seen
62%
clean
61%
soul
61%
ive
58%
wiped
58%

Score Distribution

Percentile by Number Answered

Percent of People with Each Score

Your Score History

You have not taken this quiz